Catalog

Record Details

Catalog Search



The case of the million dollar mystery  Cover Image Book Book

The case of the million dollar mystery / by James Preller ; illustrated by Jamie Smith ; cover illustration by R.W. Alley.

Preller, James, (author.). Smith, Jamie, (illustrator.).

Summary:

Second-grade detectives Jigsaw, Mila, and their friends follow clues to learn who is sending threatening notes to their classmates.

Record details

  • ISBN: 9781250110954
  • ISBN: 1250110955
  • Physical Description: 92 pages : illustrations ; 22 cm.
  • Edition: First Feiwel and Friends edition.
  • Publisher: New York : Feiwel and Friends, 2017.

Content descriptions

General Note:
"Originally published by Scholastic in 2002"--Title page verso.
Subject: Schools > Juvenile fiction.
Inventions > Juvenile fiction.
Genre: Detective and mystery fiction.

LDR 01583cam a2200385 i 4500
001150048
003CONS
00520190307111307.0
008170427s2017 nyua b 000 1 eng
010 . ‡a 2017002908
020 . ‡a9781250110954 ‡q(paperback)
020 . ‡a1250110955 ‡q(paperback)
035 . ‡a(CPomAG)LMN610681
042 . ‡apcc ‡alcac
05000. ‡aPZ7.P915 ‡bJkk 2017
08200. ‡a[Fic] ‡223
1001 . ‡aPreller, James, ‡eauthor.
24514. ‡aThe case of the million dollar mystery / ‡cby James Preller ; illustrated by Jamie Smith ; cover illustration by R.W. Alley.
24630. ‡aJigsaw Jones : The case of the million dollar mystery
250 . ‡aFirst Feiwel and Friends edition.
264 1. ‡aNew York : ‡bFeiwel and Friends, ‡c2017.
300 . ‡a92 pages : ‡billustrations ; ‡c22 cm.
336 . ‡atext ‡btxt ‡2rdacontent
337 . ‡aunmediated ‡bn ‡2rdamedia
338 . ‡avolume ‡bnc ‡2rdacarrier
4901 . ‡aA Jigsaw Jones mystery
500 . ‡a"Originally published by Scholastic in 2002"--Title page verso.
520 . ‡aSecond-grade detectives Jigsaw, Mila, and their friends follow clues to learn who is sending threatening notes to their classmates.
650 0. ‡aSchools ‡vJuvenile fiction.
650 0. ‡aInventions ‡vJuvenile fiction.
655 7. ‡aDetective and mystery fiction. ‡2lcgft
7001 . ‡aSmith, Jamie, ‡eillustrator.
8001 . ‡aPreller, James. ‡tJigsaw Jones mystery.
959 . ‡i32269001102741 ‡lJF Pre ‡aJuvenile - Fiction ‡tJuv Fiction ‡g10.00
852 . ‡p32269001102741 ‡jJF Pre ‡gJuvenile - Fiction ‡cJuv Fiction ‡y10.00 ‡bSBPL
901 . ‡a150048 ‡bUnknown ‡c150048 ‡tbiblio

Additional Resources